Emu War Quiz - Statistics

General Stats
  • This quiz has been taken 79 times
    43 since last reset
  • The average score is 5 of 11
Answer Stats
Question Answer % Correct
Victor The Emus
95%
Loser Australia
92%
Starting year of the war 1932
65%
What Emus Destoryed Crops
59%
The Australian state Western Australia
43%
Rounds Used (nearest hundred) 9,{900}
38%
Emus killed (nearest hundred) 3,{500}
35%
End year of the war 1932
24%
Emus were compared to this African people group Zulu
24%
Leader of army Major G.P.W. Meredith
3%
Who started the war Sir George Pearce
3%
No matching quizzes found
Score Distribution
Percent of People with Each Score
Percentile by Number Answered
Your Score History
You have not taken this quiz since the last reset